Mathematical methods in chemical encineering (Record no. 29900)

000 -LEADER
fixed length control field 00494nam a22001937a 4500
001 - CONTROL NUMBER
control field 29900
003 - CONTROL NUMBER IDENTIFIER
control field BD-DhUET
008 - FIXED-LENGTH DATA ELEMENTS--GENERAL INFORMATION
fixed length control field 150618b xxu||||| |||| 00| 0 eng d
020 ## - INTERNATIONAL STANDARD BOOK NUMBER
International Standard Book Number 8120312627
040 ## - CATALOGING SOURCE
Transcribing agency 0
Modifying agency BD-DhUET
082 ## - DEWEY DECIMAL CLASSIFICATION NUMBER
Classification number 660.28
Item number PUS/1998
100 ## - MAIN ENTRY--PERSONAL NAME
Personal name Pushpavanam, S.
245 ## - TITLE STATEMENT
Title Mathematical methods in chemical encineering
250 ## - EDITION STATEMENT
Edition statement 1st ed.
260 ## - PUBLICATION, DISTRIBUTION, ETC. (IMPRINT)
Place of publication, distribution, etc. New Delhi
Name of publisher, distributor, etc. Prentice-Hall of India
Date of publication, distribution, etc. 1998
300 ## - PHYSICAL DESCRIPTION
Extent 327 p.
Other physical details ill.
650 #0 - SUBJECT ADDED ENTRY--TOPICAL TERM
Topical term or geographic name as entry element Chemical engineering
942 ## - ADDED ENTRY ELEMENTS (KOHA)
Koha item type General Book
Holdings
Sublocation or collection (holding branch) Not for loan Copy number Koha date last seen Date acquired Shelving location Koha full call number Source of classification or shelving scheme Location (home branch) Price effective from Lost status Withdrawn status Piece designation (barcode) Koha item type Koha normalized classification for sorting Damaged status
Central Library, BUET 12015-06-182015-06-18Reading section660.28/PUS/1998 Central Library, BUET2015-06-18  96935Reading Item660_280000000000000_PUS_1998 
Central Library, BUET 22015-06-182015-06-18Reading section660.28/PUS/1998 Central Library, BUET2015-06-18  96934Reading Item660_280000000000000_PUS_1998 
Central Library, BUET 32015-06-182015-06-18Reading section660.28/PUS/1998 Central Library, BUET2015-06-18  109550Reading Item660_280000000000000_PUS_1998